000
00377nam a2200133Ia 4500
008
151001s9999||||xx |||||||||||||| ||und||
100
_a
चि त्र्य खानोलकर
245
_a
वारा वाजे रुणझुणा
250
_a
1
260
_b
अमेय प्रकाशन पुणे
260
_c
1972
300
_a
312
365
_b
21
999
_c
956205
_d
956202